| 000 | 00504cam a22001577a 4500 | ||
|---|---|---|---|
| 008 | 180718b2001 xxu||||| |||| 00| 0 eng d | ||
| 020 | _a8125020179 | ||
| 082 | _aA6x54 P272 | ||
| 245 |
_aHealth, medicine and empire: perspectives on colonial India _cedited by Biswamoy Pati and Mark Harrison |
||
| 260 |
_aNew Delhi _bOrient Longman _c2001 |
||
| 300 | _a408p. | ||
| 440 | _aNew Perspectices in South Asian History 1 | ||
| 650 | _aIndia - History | ||
| 700 | _aHarrison, Mark | ||
| 700 | _aPati, Biswamoy | ||
| 999 |
_c400319 _d400319 |
||